000
00293nam a2200121Ia 4500
005
20260326100038.0
008
260326s9999||||xx |||||||||||||| ||und||
100
_a
Dunlop, Beth
245
0
_a
Frank Lloyd Wright :
_b
3's /
_c
Beth Dunlop
260
_b
Phaidon
650
_a
ARQUITECTOS
942
_c
BK
999
_c
6883
_d
6883